Poldark (2015) First/Last Name Match - Series 3 Quiz Stats

 Plays Quiz not verified by Sporcle

Score 0/22 Timer 03:00
0 Plays Today
% Correct
Ross
95.2%
Dwight
94.5%
Demelza
94.2%
Agatha
93.9%
Elizabeth
93.2%
Geoffrey Charles
92.2%
Caroline
92.2%
George
91.8%
Drake
91.1%
Valentine
87.7%
Jeremy
85.3%
% Correct
Sam
85%
Morwenna
82.9%
Prudie
81.6%
Clowance
81.6%
Hugh
79.5%
Ossie
79.5%
Zacky
74.4%
Tom
65.5%
Cary
59.7%
Tholly
56.7%
Paul
52.9%

You're not logged in!

Compare scores with friends on all Sporcle quizzes.
OR
Log In

Sporcle TV

Today on Sporcle TV


Watch our educational content, quiz creation guides, and fun videos on Sporcle TV.

Show Comments

Extras

Top Quizzes Today


Score Distribution

Your Account Isn't Verified!

In order to create a playlist on Sporcle, you need to verify the email address you used during registration. Go to your Sporcle Settings to finish the process.

Report this User

Report this user for behavior that violates our Community Guidelines.

Details: